Catalog

Record Details

Catalog Search



The runaway bunny  Cover Image Book Book

The runaway bunny / by Margaret Wise Brown ; pictures by Clement Hurd.

Summary:

A little rabbit who wants to run away tells his mother how he will escape, but she is always right behind him. “If you run away,” said his mother, “I will run after you. For you are my little bunny.” A little bunny keeps running away from his mother in this imaginary game of hide-and-seek.

Record details

  • ISBN: 0060207663
  • ISBN: 9780060207663
  • ISBN: 0064430189
  • ISBN: 9780064430180
  • Physical Description: [39] pages : illustrations (some color) ; 18 x 21 cm.
  • Publisher: New York : Harper & Row, [1972, c1942]
Subject: Rabbits > Juvenile fiction.
Mother and child > Juvenile fiction.
Genre: Juvenile works.
Fiction.
Picture books.

Available copies

  • 3 of 3 copies available at scottsboropl.

Holds

  • 0 current holds with 3 total copies.
Show Only Available Copies
Location Call Number / Copy Notes Barcode Shelving Location Status Due Date
scottsboropl BB Bro 32269001073231 Juvenile - Board Book Available -
scottsboropl E Bro 32269000676810 Juvenile - Easy Available -
scottsboropl E Bro 32269000716624 Storage - Juvenile Available -

LDR 01291cam a2200325 a 4500
001121624
003SBPL
00520140703074754.0
008720503t19721942nyua j 000 1 eng
010 . ‡a 71183168
020 . ‡a0060207663 ‡q(lib. bdg.)
020 . ‡a9780060207663 ‡q(lib. bdg.)
020 . ‡a0064430189
020 . ‡a9780064430180
035 . ‡a(CONS)121624
035 . ‡a(CPomAG)LMN458331
0500 . ‡aPZ10.3.B7656 ‡bRu5
082 . ‡a[E]
1001 . ‡aBrown, Margaret Wise, ‡d1910-1952.
24514. ‡aThe runaway bunny / ‡cby Margaret Wise Brown ; pictures by Clement Hurd.
260 . ‡aNew York : ‡bHarper & Row, ‡c[1972, c1942]
300 . ‡a[39] pages : ‡billustrations (some color) ; ‡c18 x 21 cm.
336 . ‡atext ‡btxt ‡2rdacontent
337 . ‡aunmediated ‡bn ‡2rdamedia
338 . ‡avolume ‡bnc ‡2rdacarrier
520 . ‡aA little rabbit who wants to run away tells his mother how he will escape, but she is always right behind him. “If you run away,” said his mother, “I will run after you. For you are my little bunny.” A little bunny keeps running away from his mother in this imaginary game of hide-and-seek.
650 0. ‡aRabbits ‡vJuvenile fiction.
650 0. ‡aMother and child ‡vJuvenile fiction.
655 7. ‡aJuvenile works.
655 7. ‡aFiction. ‡2lcgft
655 7. ‡aPicture books. ‡2lcgft
7001 . ‡aHurd, Clement, ‡d1908-1988.
901 . ‡a121624 ‡bUnknown ‡c121624 ‡tbiblio

Additional Resources